Solve 5 Secret Countries in 5 Minutes by Clues - Statistics

General Stats
  • This quiz has been taken 1,052 times
  • The average score is 13 of 29
Answer Stats
Less populated than Madagascar % Correct
Centroid is further North than Kenya
96%
Centroid is further East than Saudi Arabia
90%
Alphabetically after Denmark
82%
Capital is alphabetically before capital of Guinea
63%
Centroid is further West then Saudi Arabia
62%
Alphabetically before Norway
61%
Name is longer than Kiribati
59%
Centroid is further North than Malawi
57%
Alphabetically after Denmark
55%
Capital is alphabetically after capital of Guinea
51%
Smaller than Kenya
51%
Centroid is further South than Spain
49%
More populated then Kenya
49%
Smaller than San Marino
47%
Centroid is further East than Brazil
42%
Larger than Italy
41%
Less populated than Italy
40%
Centroid is further West then Gambia
39%
WELL DONE!
37%
Capital is further North than capital of Italy
33%
Larger than Mexico
33%
Capital is further West than capital of Italy
30%
Capital is further North than capital of Kenya
27%
Capital is further East than capital of Kenya
26%
WELL DONE!
25%
Capital is alphabetically after capital of Kenya
20%
WELL DONE!
18%
WELL DONE!
14%
WELL DONE!
11%
No matching quizzes found
Score Distribution
Percent of People with Each Score
Percentile by Number Answered
Your Score History
You have not taken this quiz